000 00663cab a2200229 4500
001 X1331
008 090401t1994 xxu||||| |||| 00| 0 eng d
035 _a(Sirsi) u16260
041 _aeng
245 _aTechnicians bedding down with the RICS
260 _c1994
350 _a0
490 _aCSM (Chartered Surveyor Monthly)
_v3(6) March 1994, 10(1)
650 _aMERGER
650 _aPRIVY COUNCIL
650 _aRICS
650 _aSOCIETY OF SURVEYING TECHNICIANS
650 _aABOUT RICS-RELATED ORGANISATIONS-SOCIETY OF SURVEYING TECHNICIANS
690 _aMANAGEMENT-BUSINESS MANAGEMENT-PROFESSIONAL PRACTICE
942 _n0
948 _c04/03/1997
999 _c10686
_d10686